TEXTBOOK OF MEDICAL PHYSIOLOGY (Record no. 7428)

MARC details
000 -LEADER
fixed length control field 00562nam a22002057a 4500
003 - CONTROL NUMBER IDENTIFIER
control field OSt
005 - DATE AND TIME OF LATEST TRANSACTION
control field 20211110173238.0
008 - FIXED-LENGTH DATA ELEMENTS--GENERAL INFORMATION
fixed length control field 211110b ||||| |||| 00| 0 eng d
020 ## - INTERNATIONAL STANDARD BOOK NUMBER
International Standard Book Number 0721630871
040 ## - CATALOGING SOURCE
Transcribing agency DDC
082 ## - DEWEY DECIMAL CLASSIFICATION NUMBER
Classification number 104 GUT 1991
100 ## - MAIN ENTRY--PERSONAL NAME
Personal name GUYTON,ARTHUR C.
9 (RLIN) 1016
245 ## - TITLE STATEMENT
Title TEXTBOOK OF MEDICAL PHYSIOLOGY
250 ## - EDITION STATEMENT
Edition statement 8TH
260 ## - PUBLICATION, DISTRIBUTION, ETC. (IMPRINT)
Place of publication, distribution, etc. LONDON
Name of publisher, distributor, etc. W.B.SAUNDERS COMPANY
Date of publication, distribution, etc. 1991
300 ## - PHYSICAL DESCRIPTION
Dimensions 24CM
Extent xli,p1014
Other physical details ill,(some col)
504 ## - BIBLIOGRAPHY, ETC. NOTE
Bibliography, etc Includes bibliographical references and index<br/>
650 ## - SUBJECT ADDED ENTRY--TOPICAL TERM
Topical term or geographic name as entry element human physiology
9 (RLIN) 133
942 ## - ADDED ENTRY ELEMENTS (KOHA)
Source of classification or shelving scheme Other/Generic Classification Scheme
Koha item type Open Shelf
Holdings
Withdrawn status Lost status Source of classification or shelving scheme Damaged status Not for loan Home library Current library Date acquired Source of acquisition Inventory number Total Checkouts Barcode Date last seen Date last checked out Price effective from Koha item type
    Dewey Decimal Classification     MUST Main Library MUST Main Library 10/11/2021 Purchase 206 2 2021-1624 26/11/2024 25/10/2024 10/11/2021 Book